000 00754nam a2200217Ia 4500
003 GCL
008 140319s9999 xx 000 0 ara d
020 _a157501977
040 _aGCL /
_cGCL
082 0 4 _aق
_b338.4791
_bح ر
100 1 _aحسين كفافى
245 1 0 _aرؤية عصرية للتخطيط السياحى فى مصر والدول النامية /
_cحسين كفافى
260 _aالقاهرة :
_bالهيئة المصرية العامة للكتاب ،
_c1987
300 _a246 ص ؛
_c24 سم
650 0 4 _aالسياحة
650 0 4 _aالسياحة - مصر
650 0 4 _aالسياحة - اقتصاديات
650 0 4 _aالتنمية السياحية
650 0 4 _aالتخطيط السياحى
942 _2ddc
_cBK
999 _c8731
_d8731